Indira Gandhi: charisma and crisis (Record no. 381220)

000 -LEADER
fixed length control field 00348cam a22001217a 4500
008 - FIXED-LENGTH DATA ELEMENTS--GENERAL INFORMATION
fixed length control field 180718b1996 xxu||||| |||| 00| 0 eng d
082 ## - DEWEY DECIMAL CLASSIFICATION NUMBER
Classification number A99/G151 K541
100 ## - MAIN ENTRY--PERSONAL NAME
Personal name Kidwai, Anser
245 ## - TITLE STATEMENT
Title Indira Gandhi: charisma and crisis
Statement of responsibility, etc. by Anser Kidwai
260 ## - PUBLICATION, DISTRIBUTION, ETC.
Place of publication, distribution, etc. New Delhi
Name of publisher, distributor, etc. Siddhi Books
Date of publication, distribution, etc. 1996
300 ## - PHYSICAL DESCRIPTION
Extent 246p.
650 ## - SUBJECT ADDED ENTRY--TOPICAL TERM
Topical term or geographic name entry element Gandhi, Indira - Biography
Holdings
Withdrawn status Lost status Damaged status Not for loan Permanent Location Current Location Date acquired Full call number Barcode Date last seen Price effective from Koha item type
        Indian Institute of Public Administration Indian Institute of Public Administration 1997-03-27 A99/G151 K541 71961 2018-07-21 2018-07-21 Book

Powered by Koha